Normal view
MARC view
Entry Personal Name
001 - CONTROL NUMBER
- control field: 473
003 - CONTROL NUMBER IDENTIFIER
- control field: OSt
005 - DATE AND TIME OF LATEST TRANSACTION
- control field: 20110422160202.0
008 - FIXED-LENGTH DATA ELEMENTS
- fixed length control field: 110422|||a|||||| | ||| d
040 ## - CATALOGING SOURCE
- Original cataloging agency: OSt
- Transcribing agency: OSt
100 ## - HEADING--PERSONAL NAME
- Personal name: बेडेकर, विजय वा.; वेडगा, नितिन; भिडे, आशा; मोरे, दामोदर; पाटील, मा. ना.; मठ, शं. बा,
670 ## - SOURCE DATA FOUND
- Source citation: Work cat.: (OSt): बेडेकर, विजय वा., १६३ दिशा : मार्च २०११, २०११